000 00685nam a2200205Ii 4500
003 JO-AjNU
008 230605s9999||||xx |||||||||||||| ||und||
040 _aJO-AjNU
_bara
_erda
_cJO-AjNU
041 _aara
050 1 4 _aPJ7802.B4 1986
100 3 _aتأليف العبادي،غازي,
_eauthor
_940467
245 0 0 _aما يتركه الأحفاد للأجداد: رواية
250 _aط1
264 3 1 _aبغداد:دار الشؤون الثقافية العامة،1986
300 _a291ص
336 _atext
_btxt
_2rdacontent
337 _aunmediated
_bn
_2rdamedia
338 _avolume
_bnc
_2rdacarrier
650 4 _aالأدب العربي - قصص - روايات
_940468
999 _aA17176
_c20744
_d20744